| 000 | 01019cam a2200181ua 4500 | ||
|---|---|---|---|
| 020 | _c12.00 | ||
| 041 |
_aeng _h |
||
| 082 |
_a627.838 _bIND/CR |
||
| 110 | 1 |
_aIndian standards institution . _bISI _c() |
|
| 245 |
_aCriteria for hydraulic design of bucket type energy dissipators, IS:7365-1974 / _cIndian standards institution. _hTextual Documents |
||
| 250 |
_a1 / _b. |
||
| 260 |
_aNew Delhi : _bIndian standards institution , _c1980. |
||
| 300 | _a25 ; . | ||
| 365 | _a12.00 | ||
| 504 | _a | ||
| 942 | _cBK | ||
| 999 |
_c4634 _d4634 |
||